[Event "Challenge"]
[Site "http://www.queenalice.com/game.php?id=24952"]
[Date "2005.8.20"]
[Round "-"]
[White "vindaloo"]
[Black "gazza"]
[Result "1-0"]
[WhiteElo "1695"]
[BlackElo "1212"]

1. e4 Nf6 2. e5 Ng4 3. d4 h5 4. Be2 e6 5. Bxg4 hxg4 6. Qxg4 Qh4 7. Qxh4 Rxh4 8.
Nf3 Re4+ 9. Be3 b6 10. Nc3 Rxe3+ 11. fxe3 Bb7 12. O-O Be7 13. e4 Na6 14. a3
O-O-O 15. Rad1 d6 16. exd6 cxd6 17. d5 e5 18. Ne1 Rf8 19. Nd3 f6 20. b4 g5 21.
Nb2 Kb8 22. Nc4 Bc8 23. Nb5 Bg4 24. Rd2 Rc8 25. Ncxd6 Bxd6 26. Nxd6 Rf8 27. Rdf2
Bd7 28. Rxf6 Rxf6 29. Rxf6 Ba4 30. c3 Bd7 31. Rg6 g4 32. Rg5 Kc7 33. Nf7 Be8 34.
Nxe5 Kd6 35. Nxg4 Ba4 36. Ne3 Nc7 37. e5+ Kd7 38. d6 Ne6 39. h4 Nxg5 40. hxg5
Bb3 41. c4 b5 42. c5 a6 43. Kf2 Bf7 44. Kf3 Bg6 45. Nd5 Bf7 46. Nf4 Bb3 47. g6
Kc6 48. e6 Bd1+ 49. Ke3 Bc2 50. g7 Bh7 51. e7 Kd7 52. Nd5 Bg8 53. Nf6+ Ke6 54.
e8=Q+ Kxf6 55. d7 Kxg7 56. d8=Q Bf7 57. Qg5+ Bg6 58. Qee7+ Kh8 59. Qh6+ Bh7 60.
Qef8# 1-0

[Event "Invitation"]
[Site "http://www.queenalice.com/game.php?id=26657"]
[Date "2005.8.31"]
[Round "-"]
[White "gazza"]
[Black "Mick_Gray"]
[Result "0-1"]
[WhiteElo "1500"]
[BlackElo "1323"]

1. g3 d5 2. Bg2 e5 3. e3 e4 4. d3 f5 5. h4 Nf6 6. dxe4 fxe4 7. b3 Be7 8. Bh3 O-O
9. Bxc8 Qxc8 10. h5 h6 11. Nc3 c6 12. a4 Ng4 13. Nh3 Qf5 14. Qe2 Nd7 15. O-O
Qxh5 16. Kg2 Rf3 17. Nxe4 Raf8 18. Nd2 R3f5 19. a5 Bg5 20. f3 Nxe3+ 21. Kh2
Nxf1+ 22. Nxf1 Rxf3 23. Qe6+ Kh8 24. Bxg5 hxg5 25. Qxd7 g4 26. Nd2 Qxh3+ 27. Kg1
Rxg3# 0-1

[Event "UKOSG Round 4"]
[Site "http://www.queenalice.com/game.php?id=30663"]
[Date "2005.9.27"]
[Round "-"]
[White "philb"]
[Black "gazza"]
[Result "0-1"]
[WhiteElo "1025"]
[BlackElo "1212"]

1. e4 e5 2. Nf3 Nc6 3. h4 Nf6 4. Na3 Nxe4 5. Qe2 d5 6. c4 Bc5 7. cxd5 Qxd5 8. d3
Nxf2 9. Qxe5+ Nxe5 10. Nc4 Nxc4 11. Be2 Ne5 12. d4 Bxd4 13. O-O Nfg4+ 14. Nxd4
Qxd4+ 15. Kh1 Nf2+ 16. Kg1 Nfd3+ 17. Kh2 Qxh4+ 18. Kg1 Nc5 19. Rf5 Bxf5 20. a4
Nb3 21. Ra3 Nxc1 22. Re3 Qd4 23. Kf2 Qxb2 24. Kg3 Nxe2+ 25. Rxe2 Qxe2 26. Kf4
Qe4+ 0-1

[Event "Challenge"]
[Site "http://www.queenalice.com/game.php?id=35253"]
[Date "2005.10.27"]
[Round "-"]
[White "gazza"]
[Black "Croftsy"]
[Result "1-0"]
[WhiteElo "1384"]
[BlackElo "1301"]

1. e4 e5 2. Nc3 Nc6 3. Nf3 Nf6 4. a3 Bc5 5. Bb5 Ng4 6. O-O a6 7. Bc4 d6 8. d3
Qf6 9. Nd5 O-O 10. Nxf6+ Nxf6 11. c3 b5 12. Ba2 a5 13. d4 Bb6 14. Ng5 h6 15. Nf3
exd4 16. cxd4 Ne7 17. e5 Nfd5 18. Re1 a4 19. exd6 cxd6 20. Nh4 g5 21. Nf5 Bxf5
22. Bxd5 Nxd5 23. Qh5 Bg6 24. Qxh6 Bxd4 25. Qxg5 Nf6 26. Qxb5 Ng4 27. Be3 Rfb8
28. Qc4 Bxb2 29. Rad1 Bf5 30. Qf4 Be6 31. Rxd6 Re8 32. h3 Bxa3 33. hxg4 Bxd6 34.
Qxd6 Rad8 35. Qf4 a3 36. Qg5+ Kf8 37. Bc5+ 1-0

[Event "UKOSG League Round 6"]
[Site "http://www.queenalice.com/game.php?id=38491"]
[Date "2005.11.18"]
[Round "-"]
[White "gazza"]
[Black "PaulB42"]
[Result "1-0"]
[WhiteElo "1437"]
[BlackElo "1441"]

1. e4 Nf6 2. Nc3 d6 3. d4 c5 4. dxc5 Qa5 5. cxd6 exd6 6. Bd3 d5 7. e5 Ng4 8.
Bb5+ Nd7 9. Qxg4 d4 10. Qxd4 Bc5 11. Qxc5 b6 12. Qc6 O-O 13. Qxa8 Nxe5 14. Bf4
Bf5 15. Qd5 a6 16. Qxe5 g6 17. Bh6 axb5 18. Qg7# 1-0

[Event "Friendly"]
[Site "http://www.queenalice.com/game.php?id=40428"]
[Date "2005.11.28"]
[Round "-"]
[White "Reddaz"]
[Black "gazza"]
[Result "1/2-1/2"]
[WhiteElo "1798"]
[BlackElo "1523"]

1. e4 e5 2. c4 Nf6 3. d3 Bb4+ 4. Bd2 c5 5. a3 Bxd2+ 6. Nxd2 d6 7. b4 b6 8. bxc5
bxc5 9. Ne2 a5 10. Nc3 Bd7 11. Rb1 a4 12. Nb5 Bxb5 13. cxb5 Qa5 14. Be2 Qc3 15.
Qc1 Qxc1+ 16. Rxc1 Ra5 17. Rb1 O-O 18. Nc4 Ra8 19. Nxd6 Rd8 20. Nb7 Rc8 21. Nd6
Rd8 22. Nc4 g6 23. Nxe5 Nbd7 24. Nc6 Re8 25. d4 Rxe4 26. b6 Rc8 27. Na7 Ra8 28.
dxc5 Nxc5 29. b7 Nxb7 30. Rxb7 Rae8 31. Rb2 Nd5 32. Nb5 Nf4 33. Nc3 Nd3+ 34. Kf1
Nxb2 35. Nxe4 Rxe4 36. f3 Re3 37. Kf2 Rxa3 38. Rb1 Rb3 39. Ke1 a3 40. Bc4 Rb4
41. Ba2 Nd3+ 42. Kd1 Rxb1+ 43. Bxb1 Nb4 44. Kc1 a2 45. Bxa2 Nxa2+ 46. Kd2 Nb4
47. Ke2 Nd5 48. g3 f5 49. h4 h5 50. Kf2 Kg7 51. Kg2 Kh6 52. Kh3 Nf6 53. f4 Nh7
54. Kg2 g5 55. hxg5+ Nxg5 56. fxg5+ Kxg5 57. Kh3 Kh6 58. Kh4 Kg6 59. Kh3 Kh6
1/2-1/2

[Event "Challenge"]
[Site "http://www.queenalice.com/game.php?id=40981"]
[Date "2005.12.1"]
[Round "-"]
[White "Croftsy"]
[Black "gazza"]
[Result "0-1"]
[WhiteElo "1321"]
[BlackElo "1495"]

1. e4 e5 2. Qh5 Nc6 3. c4 Nf6 4. Qf3 Nd4 5. Qd3 a5 6. Nf3 Nc6 7. g3 Nb4 8. Qe3
Nc2+ 9. Ke2 Nxe3 10. dxe3 d6 11. Nc3 Bg4 12. Bg2 c6 13. h3 Bxf3+ 14. Bxf3 Qb6
15. Na4 Qb4 16. b3 d5 17. exd5 cxd5 18. c5 Bxc5 19. Bb2 Qb5+ 20. Kd2 d4 21. Rhc1
Bb4+ 22. Kd1 Qf1+ 23. Kc2 Qxf2+ 24. Kd3 Qxe3+ 25. Kc4 Qxf3 26. a3 Rc8+ 27. Kb5
Qd5+ 28. Kb6 Nd7+ 29. Ka7 Rb8 30. axb4 Qb5 0-1

[Event "Challenge"]
[Site "http://www.queenalice.com/game.php?id=44586"]
[Date "2005.12.21"]
[Round "-"]
[White "Croftsy"]
[Black "gazza"]
[Result "0-1"]
[WhiteElo "1368"]
[BlackElo "1554"]

1. d4 Nc6 2. Nf3 d5 3. c3 Bf5 4. Na3 e6 5. Bg5 Qd7 6. Ne5 Nxe5 7. dxe5 Bxa3 8.
bxa3 Qc6 9. Qd2 f6 10. exf6 gxf6 11. Be3 Qd6 12. f3 Qxa3 13. g4 Bg6 14. h3 O-O-O
15. Bd4 e5 16. Bf2 Ne7 17. Bh4 Rhf8 18. Bg2 d4 19. cxd4 Rxd4 20. Qc1 Qb4+ 21.
Kf2 Nd5 22. a3 Qb5 23. Rd1 Nf4 24. Bf1 Qb6 25. e3 Rxd1 26. Qxd1 Qb2+ 27. Kg1 Ne6
28. Bc4 Ng7 29. Bd5 h5 30. Ra2 Qb6 31. Bf2 hxg4 32. hxg4 Rd8 33. e4 Qb5 34. a4
Qa5 35. Kg2 c6 36. Be1 Qa6 37. Bh4 Ne8 38. Be6+ Kc7 39. Qc1 Rd6 40. Bc4 Qa5 41.
Be1 Qc5 42. a5 a6 43. Rb2 Rd8 44. Bb4 Qa7 45. Qc3 Nd6 46. Rd2 Nxc4 47. Qxc4
Rxd2+ 48. Bxd2 Qd4 49. Qe2 c5 50. Be3 Qb4 51. Bd2 Qb5 52. Qe3 b6 53. Qh6 bxa5
54. Qxg6 Qe2+ 55. Kg3 Qxd2 56. Qf7+ Kc8 57. Qe6+ Kb7 58. Qxf6 Qf4+ 59. Qxf4
exf4+ 60. Kxf4 a4 61. e5 a3 62. e6 Kc7 63. g5 a2 64. e7 Kd7 65. Ke5 Kxe7 66. f4
a1=Q+ 67. Kd5 Qd4+ 68. Kc6 Qd6+ 69. Kb7 Kd7 70. f5 Qc6+ 71. Ka7 Kc7 72. f6 Qb7#
0-1

[Event "Friendly"]
[Site "http://www.queenalice.com/game.php?id=47537"]
[Date "2006.1.11"]
[Round "-"]
[White "gazza"]
[Black "Reddaz"]
[Result "1-0"]
[WhiteElo "1575"]
[BlackElo "1800"]

1. e4 e5 2. c4 c5 3. Nc3 g6 4. Nf3 Bg7 5. d3 Nc6 6. b3 d6 7. a4 Nf6 8. Bg5 Qa5
9. Qd2 h6 10. Bxf6 Bxf6 11. Nd5 Qd8 12. Be2 Be6 13. Nxf6+ Qxf6 14. O-O b6 15.
Ne1 Nd4 16. Rb1 Nxe2+ 17. Qxe2 Qg5 18. Nf3 Qf4 19. Ra1 a5 20. Nd2 Qg5 21. h3
Bxh3 22. Qf3 Be6 23. Nb1 h5 24. Qg3 Qh6 25. f4 h4 26. Qh2 Bg4 27. Kf2 f6 28. g3
exf4 29. gxf4 O-O-O 30. Nc3 f5 31. exf5 gxf5 32. Rae1 Qf6 33. Nd5 Qd4+ 34. Re3
Qb2+ 35. Kg1 Qxb3 36. d4 Qxc4 37. Nxb6+ 1-0

[Event "Bored on a Thursday Afternoon..."]
[Site "http://www.queenalice.com/game.php?id=60448"]
[Date "2006.3.30"]
[Round "-"]
[White "gazza"]
[Black "vindaloo"]
[Result "1-0"]
[WhiteElo "1630"]
[BlackElo "1682"]

1. e4 e5 2. c4 Nf6 3. Bd3 Na6 4. Nc3 Nc5 5. Qe2 d6 6. b4 Ne6 7. Nh3 Nd4 8. Qd1
Bxh3 9. gxh3 Be7 10. Ne2 Nf3+ 11. Kf1 Qd7 12. Nc3 Qxh3+ 13. Ke2 Ng4 14. Qf1 Nd4+
15. Ke1 Qh4 16. Qg2 g6 17. h3 Nf6 18. a3 Nh5 19. Qg4 Qf6 20. Nd5 Qe6 21. Nxc7+
1-0

[Event "Challenge"]
[Site "http://www.queenalice.com/game.php?id=62652"]
[Date "2006.4.11"]
[Round "-"]
[White "Reddaz"]
[Black "gazza"]
[Result "1-0"]
[WhiteElo "2006"]
[BlackElo "1632"]

1. e4 e5 2. Nf3 d5 3. Nxe5 Qe7 4. d4 Nd7 5. Nc3 Nxe5 6. Nxd5 Qd8 7. dxe5 c6 8.
Bg5 Be7 9. Bxe7 Nxe7 10. Nxe7 Qxe7 11. Qd4 O-O 12. O-O-O Rd8 13. Qxd8+ Qf8 14.
Bc4 Be6 15. Qxf8+ Rxf8 16. Bxe6 fxe6 17. f3 b5 18. Rd6 c5 19. Rxe6 a5 20. Rd1
Rb8 21. Rd7 c4 22. Ree7 Kf8 23. Rf7+ Ke8 24. e6 Rd8 25. Rde7# 1-0

[Event "Challenge"]
[Site "http://www.queenalice.com/game.php?id=68446"]
[Date "2006.5.11"]
[Round "-"]
[White "gazza"]
[Black "Reddaz"]
[Result "0-1"]
[WhiteElo "1662"]
[BlackElo "1917"]

1. e4 c5 2. Bc4 e6 3. Nf3 d5 4. Bb5+ Bd7 5. Bxd7+ Nxd7 6. exd5 exd5 7. Qe2+ Be7
8. Nc3 Ngf6 9. b3 O-O 10. O-O Re8 11. d4 cxd4 12. Nxd4 Bb4 13. Qf3 Ne5 14. Qh3
Bxc3 15. Qxc3 Rc8 16. Qh3 Nc6 17. Nf5 Qd7 18. Bh6 g6 19. g4 gxf5 20. gxf5 Kh8
21. Kh1 Nd4 22. Qg3 Nxf5 23. Qg5 Ne4 24. Qh5 d4 25. f3 Neg3+ 26. hxg3 Nxg3+ 0-1

[Event "Challenge"]
[Site "http://www.queenalice.com/game.php?id=78992"]
[Date "2006.6.21"]
[Round "-"]
[White "gazza"]
[Black "vindaloo"]
[Result "1/2-1/2"]
[WhiteElo "1653"]
[BlackElo "1742"]

1. e4 c5 2. c4 Nc6 3. Nf3 d6 4. d4 cxd4 5. Nxd4 Nf6 6. Nc3 e5 7. Nxc6 bxc6 8.
Qa4 Bd7 9. Be3 Qc8 10. Qa5 Be7 11. Be2 O-O 12. Rd1 a6 13. Na4 Bd8 14. Qb4 c5 15.
Qa3 Nxe4 16. Bf3 Bf5 17. O-O Qe6 18. Rd5 Rb8 19. Rfd1 Be7 20. b3 Nf6 21. R5d2 e4
22. Be2 Bg4 23. Nc3 Bxe2 24. Rxe2 Ng4 25. Bf4 f5 26. Qc1 Nf6 27. Qe3 h6 28. Qh3
Nh7 29. Rxe4 Qd7 30. Nd5 Bg5 31. Re2 Bxf4 32. Nxf4 Ng5 33. Qd3 Rbd8 34. Qd5+ Kh7
35. f3 g6 36. Rde1 Rfe8 37. h4 Nf7 38. h5 g5 39. Rxe8 Rxe8 40. Rxe8 gxf4 41. Qa8
a5 42. Rg8 Qe7 43. Rg6 Nd8 44. Qd5 Qe1+ 45. Kh2 Qh4+ 1/2-1/2

[Event "Challenge"]
[Site "http://www.queenalice.com/game.php?id=81151"]
[Date "2006.6.29"]
[Round "-"]
[White "Croftsy"]
[Black "gazza"]
[Result "0-1"]
[WhiteElo "1542"]
[BlackElo "1658"]

1. Nf3 d6 2. h3 c5 3. d4 b6 4. e4 Bd7 5. d5 b5 6. c3 a6 7. Be3 a5 8. a3 Qb6 9.
b4 g6 10. Ra2 a4 11. bxc5 dxc5 12. Nbd2 Bg7 13. c4 b4 14. Bd3 b3 15. Nxb3 axb3
16. Rd2 Rxa3 17. O-O Ra1 18. Qe2 b2 19. e5 b1=Q 20. Bxb1 Rxb1 21. Qd3 Rxf1+ 22.
Qxf1 Bh6 23. Bxh6 Nxh6 24. Qe2 O-O 25. Rb2 Qa6 26. Ng5 f6 27. exf6 exf6 28. Ne6
Bxe6 29. dxe6 Nf5 30. g4 Nd4 31. Qe3 Qa1+ 32. Kg2 Qxb2 33. e7 Qb7+ 34. Kg3 Re8
35. f4 Rxe7 0-1

[Event "Not for a stalemate"]
[Site "http://www.queenalice.com/game.php?id=88202"]
[Date "2006.7.21"]
[Round "-"]
[White "vindaloo"]
[Black "gazza"]
[Result "1-0"]
[WhiteElo "1728"]
[BlackElo "1674"]

1. e4 c5 2. Bc4 e6 3. Nf3 Qf6 4. O-O Nc6 5. Re1 Ne5 6. Nxe5 Qxe5 7. d3 Bd6 8. g3
h5 9. c3 h4 10. Bf4 Qf6 11. Bxd6 hxg3 12. fxg3 Nh6 13. Rf1 Qg6 14. Rf4 f6 15. d4
Qh7 16. Rh4 f5 17. exf5 Qxf5 18. Rh5 Qf6 19. Be5 Qf7 20. dxc5 O-O 21. Bf4 b6 22.
cxb6 axb6 23. Qf3 Ba6 24. Nd2 d5 25. Bxa6 Rxa6 26. Qe2 Ra4 27. Bxh6 Rfa8 28. Rg5
g6 29. Rf1 Qh7 30. Qxe6+ Kh8 31. Qf6+ Kg8 32. Rxg6+ Qxg6 33. Qxg6+ Kh8 34. Qg7#
1-0

[Event "Challenge"]
[Site "http://www.queenalice.com/game.php?id=91973"]
[Date "2006.8.2"]
[Round "-"]
[White "pierj"]
[Black "gazza"]
[Result "1-0"]
[WhiteElo "1457"]
[BlackElo "1641"]

1. d4 b6 2. e4 Bb7 3. Nc3 c5 4. Nf3 g6 5. Bd3 Bg7 6. Be3 Bh6 7. d5 Bxe3 8. fxe3
d6 9. g4 Nh6 10. Qe2 Nxg4 11. Ng5 Ne5 12. O-O e6 13. h4 O-O 14. dxe6 f6 15. Nf3
Qe7 16. Nxe5 dxe5 17. Bc4 Bc8 18. Rf2 Bxe6 19. Bxe6+ Qxe6 20. Nd5 Nc6 21. c3
Rac8 22. Raf1 f5 23. c4 Ne7 24. exf5 Nxf5 25. h5 Ng3 26. Rxf8+ Rxf8 27. Rxf8+
Kxf8 28. Qf3+ Nf5 29. e4 Qf7 30. exf5 Qxf5 31. Qxf5+ gxf5 32. a4 Kf7 33. b3 Ke6
34. Kf2 e4 35. Nf4+ Ke5 36. Ke3 h6 37. Ng6+ Kf6 38. Nf4 Kg5 39. a5 bxa5 40. Ne2
Kg4 41. Nc3 Kg3 42. Ne2+ Kg4 43. Nf4 Kg3 44. Ne6 Kg4 45. Nxc5 Kxh5 46. Ne6 Kg4
47. c5 h5 48. c6 h4 49. c7 h3 50. c8=Q h2 51. Qg8+ Kh3 52. Nf4+ Kh4 53. Kf2 h1=Q
54. Qg3# 1-0

[Event "You first this time."]
[Site "http://www.queenalice.com/game.php?id=92345"]
[Date "2006.8.3"]
[Round "-"]
[White "gazza"]
[Black "vindaloo"]
[Result "0-1"]
[WhiteElo "1656"]
[BlackElo "1752"]

1. e4 c5 2. Bc4 e6 3. Nf3 d6 4. b3 Nf6 5. Nc3 Be7 6. O-O O-O 7. a4 d5 8. exd5
exd5 9. Be2 Nc6 10. Re1 d4 11. Nb1 Bd6 12. Bd3 Re8 13. c3 Bg4 14. Bc4 Rxe1+ 15.
Qxe1 Bxf3 16. gxf3 Bf4 17. d3 Qd6 18. Bxf4 Qxf4 19. Nd2 dxc3 20. Ne4 c2 21.
Nxf6+ Qxf6 22. Qe4 Qxa1+ 0-1

[Event "UKOSG round 10 (I think)"]
[Site "http://www.queenalice.com/game.php?id=102857"]
[Date "2006.9.5"]
[Round "-"]
[White "gazza"]
[Black "vindaloo"]
[Result "0-1"]
[WhiteElo "1613"]
[BlackElo "1751"]

1. e4 e5 2. Nf3 Nc6 3. Bb5 Qf6 4. O-O a6 5. Bxc6 dxc6 6. d3 Bg4 7. Nbd2 Qg6 8.
Nxe5 Bxd1 9. Nxg6 hxg6 10. Rxd1 O-O-O 11. Nf3 f6 12. c3 Nh6 13. Bxh6 Rxh6 14. d4
g5 15. b4 g4 16. Nd2 Bd6 17. g3 Rdh8 18. Nf1 Rh5 19. Re1 f5 20. e5 Be7 21. Rad1
Bg5 22. Rd3 f4 23. Re4 Rf8 24. e6 Bh6 25. e7 Re8 26. gxf4 Rf5 27. Ng3 Rxf4 28.
Re6 Rf7 29. Rg6 Rexe7 30. Rxg4 Re8 31. Nf1 Re2 32. Rg2 Rxa2 33. Re3 Bxe3 34.
fxe3 Ra1 35. Rg3 Raxf1+ 0-1

[Event "OSG Challenge Round 11"]
[Site "http://www.queenalice.com/game.php?id=141584"]
[Date "2006.12.14"]
[Round "-"]
[White "Mick_Gray"]
[Black "gazza"]
[Result "1-0"]
[WhiteElo "1714"]
[BlackElo "1601"]

1. e4 e5 2. Nf3 Nc6 3. Bc4 Nf6 4. O-O Nxe4 5. d3 Nd6 6. Re1 Nxc4 7. dxc4 d6 8.
Nc3 Be6 9. Nd5 Ne7 10. Ng5 g6 11. Nf6# 1-0